000 01038nam a22002297a 4500
003 NALT
005 20251119102716.0
008 s2528 th tha d
040 _aNALT
041 _atha
090 _aKT 33
_bป418ว 2528
100 0 _aประเสริฐ เสียงสุทธิวงศ์
_918881
245 1 0 _aวิแพ่ง - วิอาญา ประยุกต์ /
_cประเสริฐ เสียงสุทธิวงศ์.
260 _aกรุงเทพฯ :
_bธีรานุสรณ์,
_c2528.
300 _a233 หน้า ;
_c26 ซม.
650 4 _aวิธีพิจารณาความอาญา
_xคำพิพากษา
_967036
650 4 _aวิธีพิจารณาความแพ่ง
_xคำพิพากษา
_967037
650 4 _aวิธีพิจารณาความอาญา
_91089
650 4 _aวิธีพิจารณาความแพ่ง
_9756
850 _aNALT
942 _cLB
_2local
999 _c18254
_d18254
998 _j104
_k นางสาวสายฝน ดีงาม